| 000 | 01559nam0a2200409 4500 | ||
|---|---|---|---|
| 001 | RU\NLR\bibl\1761282 | ||
| 005 | 20260408194153.0 | ||
| 010 |
_a978-5-9960-0031-9 _9500 |
||
| 021 |
_aRU _b2011-22206 _91571 |
||
| 035 | _a(nilc)RSL-KNO-004922085 | ||
| 035 | _aRU\LSL\Books\2556670 | ||
| 035 | _a(LIBNET)LIBNET\0000119525 | ||
| 035 | _a(NLR Aleph) 001752096 | ||
| 090 |
_a1525258 _c1525258 |
||
| 100 | _a20110309d2010 |||y0rusy50 ca | ||
| 101 | 0 | _arus | |
| 102 | _aRU | ||
| 105 | _ay ||||||||| | ||
| 200 | 1 |
_aЭтнокультурные традиции в повседневной жизни _fЛ.А. Гафиятуллина _gКаз. гос. ун-т культуры и искусств |
|
| 210 |
_aКазань _cКультура _d2010 |
||
| 215 |
_a116 с. _d21 |
||
| 320 | _aБиблиогр.: с. 103-116 (195 назв.) | ||
| 606 | 1 |
_aОбычаи и обряды татарские _92211325 _3RU\NLR\AUTH\6601562264 |
|
| 606 |
_aПраздники татарские _3RU\NLR\auth\661355585 _92260855 |
||
| 686 | _aТ52(235=Т)-524.1 | ||
| 700 | 1 |
_aГафиятуллина _bЛ. А. _gЛуиза Асхатовна _4070 |
|
| 801 | 0 |
_aRU _bНБ Казанского ГУ _c20110309 _gRCR |
|
| 801 | 1 |
_aRU _bНБ Казанского ГУ _c20110309 |
|
| 801 | 2 |
_aRU _bНБ Казанского ГУ _c20110419 _gRCR |
|
| 801 | 1 |
_aRU _bРГБ _c20110309 |
|
| 801 | 2 |
_aRU _bNLR _c20110420 _grcr |
|
| 830 | _aавт. по ЭК | ||
| 942 | _cBOOK | ||
| 980 | _aNB | ||
| 980 | _aNBR | ||